Statistics for Five Biggest Cities by Map #4

Click here to take the quiz!

General Stats

  • This quiz has been taken 1,031 times
    (1,028 since last reset)
  • The average score is 26 of 40

Answer Stats

RegionPop.City% Correct
2517.6Los Angeles
96%
273.4Athens
95%
264.5Berlin
93%
2714.3Istanbul
93%
2716.8Cairo
92%
2923.3Manila
92%
257.6San Francisco
92%
312.2Havana
90%
262.3Warsaw
90%
253.3San Diego
89%
298.3Ho Chi Minh City
88%
293.0Hanoi
86%
316.1Miami
86%
262.8Hamburg
83%
275.2Alexandria
82%
312.9Port-au-Prince
80%
2810.6Kinshasa
79%
274.7Ankara
76%
313.7Santo Domingo
76%
254.3Phoenix
72%
291.9Phnom Penh
71%
303.8Brasília
69%
286.8Luanda
68%
314.0Tampa
66%
263.1Frankfurt
65%
252.1Las Vegas
65%
282.7Yaoundé
56%
303.8Recife
55%
303.7Salvador
48%
303.6Fortaleza
47%
323.6Ürümqi
46%
321.8Almaty
43%
292.3Cebu City
34%
282.8Douala
34%
321.7Novosibirsk
25%
262.4Katowice
21%
282.1Port Harcourt
16%
302.3Goiânia
13%
322.9Lanzhou
7%
321.3Xining
3%

Score Distribution

Percentile by Number Answered

Percent of People with Each Score

Your Score History

You have not taken this quiz since the last reset